[Event "GER-chT U20"]
[Site "Magdeburg"]
[Date "2023.12.28"]
[Round "3.5"]
[White "Sandlers, Philipp"]
[Black "Kieselbach, Jannik"]
[Result "0-1"]
[WhiteElo "1795"]
[BlackElo "1914"]
[PlyCount "98"]
[EventDate "2023.12.26"]
[EventType "team-swiss"]
[EventRounds "7"]
[EventCountry "GER"]
[SourceTitle "CB03_2024"]
[SourceDate "2024.01.17"]
[SourceVersion "1"]
[SourceVersionDate "2024.01.17"]
[SourceQuality "1"]
[WhiteTeam "Koenigsjaeger Sued West"]
[BlackTeam "Lehrte"]
[WhiteTeamCountry "GER"]
[BlackTeamCountry "GER"]

1. d4 Nf6 2. c4 e6 3. Nc3 Bb4 4. Bd2 0-0 5. Nf3 b6 6. e3 Bb7 7. Bd3 Bxc3 8. Bxc3 Ne4 9. Qc2 f5 10. 0-0 Rf6 11. Rad1 Nxc3 12. Qxc3 Bxf3 13. gxf3 Rh6 14. Rfe1 Qg5+ 15. Kf1 Rh5 16. h3 Rxh3 17. Ke2 Rh2 18. Rf1 Qg2 19. f4 Rh3 20. Ke1 Qf3 21. d5 Rh1 22. dxe6 Na6 23. Qd4 dxe6 24. Qe5 Nc5 25. Rxh1 Qxh1+ 26. Bf1 Qc6 27. b4 Nd7 28. Qd4 Nf6 29. b5 Qe8 30. Bg2 Rb8 31. a4 Qe7 32. Ke2 Kf7 33. Bc6 h5 34. a5 g6 35. axb6 cxb6 36. Qd6 Qxd6 37. Rxd6 Ke7 38. Rd1 Rc8 39. Kf3 Rc7 40. Rg1 Kf7 41. Rd1 Ke7 42. Kg3 Nd7 43. Rd4 Nc5 44. Kh4 Nb3 45. Rd1 Na5 46. Kg5 Nxc6 47. bxc6 Rxc6 48. Rd4 a5 49. e4 Rd6 0-1

[Event "GER-ch Net blitz qual3"]
[Site "Playchess.com INT"]
[Date "2021.05.07"]
[Round "1"]
[White "Sandlers, Philipp"]
[Black "Lerch, Martin Erik"]
[Result "0-1"]
[WhiteElo "1620"]
[BlackElo "1927"]
[PlyCount "98"]
[EventDate "2021.05.07"]
[EventType "swiss (blitz)"]
[EventRounds "11"]
[EventCountry "GER"]
[SourceTitle "CBM 202 Extra"]
[Source "ChessBase"]
[SourceDate "2021.07.31"]
[SourceVersion "1"]
[SourceVersionDate "2021.07.31"]
[SourceQuality "1"]

1. d4 e6 2. c4 f5 3. g3 Nf6 4. Bg2 Bb4+ 5. Nc3 Bxc3+ 6. bxc3 d6 7. e3 0-0 8. Ne2 Qe8 9. Rg1 e5 10. d5 Nbd7 11. Qc2 Nc5 12. Ba3 b6 13. h4 e4 14. Bh3 Nd3+ 15. Kf1 h6 16. Nd4 g5 17. Qe2 f4 18. Bxc8 Qxc8 19. exf4 Qh3+ 20. Rg2 gxf4 21. gxf4+ Kh8 22. Qe3 Qh1+ 23. Rg1 Qxh4 24. Nf5 Qxf4 25. Qxf4 Nxf4 26. Bc1 N6h5 27. Rh1 Rxf5 28. Bxf4 Nxf4 29. Rxh6+ Kg7 30. Rh4 Rh8 31. Rg4+ Kf6 32. Kg1 Ke5 33. Re1 Rfh5 34. Kf1 Rh1+ 35. Rg1 Rxg1+ 36. Kxg1 Rg8+ 37. Kh2 Kf5 38. Kh1 Rh8+ 39. Kg1 Rg8+ 40. Kh2 Rg2+ 41. Kh1 Rxf2 42. Rg1 e3 43. Rg8 e2 44. Rf8+ Ke4 45. Re8+ Kf3 46. c5 Rf1+ 47. Kh2 e1Q 48. Rxe1 Rxe1 49. cxd6 cxd6 0-1